Leçons théoriques et cliniques sur les affections cutanées parasitaires / (Record no. 31098)

MARC details
000 -LEADER
campo de control de longitud fija 00575nam a2200157 i 4500
001 - NÚMERO DE CONTROL
campo de control 31098
003 - IDENTIFICADOR DE NÚMERO DE CONTROL
campo de control ES-MaACL
007 - CAMPO FIJO DE DESCRIPCIÓN FÍSICA--INFORMACIÓN GENERAL
campo de control de longitud fija t|
008 - DATOS DE LONGITUD FIJA--INFORMACIÓN GENERAL
campo de control de longitud fija 030128s1862 fr ||||1| fre d
100 1# - ENTRADA PRINCIPAL--NOMBRE DE PERSONA
Nombre de persona Bazin, Antoine-Pierre Ernest.
9 (RLIN) 26746
245 10 - MENCIÓN DEL TÍTULO
Título Leçons théoriques et cliniques sur les affections cutanées parasitaires /
Mención de responsabilidad, etc. professes par Antoine-Pierre Ernest Bazin ; redigée et publiées par Alfred Pouquet.
250 ## - MENCION DE EDICION
Mención de edición 2eme ed.
260 ## - PUBLICACIÓN, DISTRIBUCIÓN, ETC.
Lugar de publicación, distribución, etc. París :
Nombre del editor, distribuidor, etc. [s.n.,
Fecha de publicación, distribución, etc. 1862]
700 1# - ENTRADA AGREGADA--NOMBRE PERSONAL
Nombre de persona Pouquet, Alfred.
9 (RLIN) 93457
852 ## - LOCALIZACIÓN
Ubicación ES-MaACL
Número de control de estantería G-14082(4)
condición física . - Encuadernado con otras obras
Holdings
Estatus retirado Estado de pérdida Estado de daño No para préstamo Colección Biblioteca de origen Biblioteca actual Ubicación en estantería Fecha de adquisición Fuente de adquisición Total de préstamos Signatura topográfica completa Código de barras Visto por última vez Precio de reemplazo Tipo de ítem Koha
        Libros del s. XIX Biblioteca del Ateneo de Madrid Biblioteca del Ateneo de Madrid Sala Pecera Planta 3 17/01/2008     G-14082(4) 1032127 23/02/2023 23/02/2023 Libro impreso antiguo